Reglamento de la agrupación obrera denominada El Bienestar del Obrero, cuya presidencia de honor se dignó aceptar S.M. el Rey D. Alfonso XIII

Publicado: [Barcelona : s.n , 1908
Descripción Física: 12 p. ; 22 cm

MARC

LEADER 00000nam a2200000Ia 4500
003 BGR
005 20260324180145.0
008 160829s1908] xx 000 0 cat d
080 |a 2050 
110 2 |a El Bienestar del Obrero  |9 70729 
245 |a Reglamento de la agrupación obrera denominada El Bienestar del Obrero, cuya presidencia de honor se dignó aceptar S.M. el Rey D. Alfonso XIII 
260 |a [Barcelona :  |b s.n.,  |c 1908] 
300 |a 12 p. ;  |c 22 cm 
650 |a El Bienestar del Obrero  |x Reglaments  |9 48079 
901 |a Arxiu 
942 |n 1  |2 udc  |c MON 
952 |0 0  |1 0  |4 0  |6 2050  |7 1  |9 54309  |a Arxiu  |b Arxiu  |d 2016-12-01  |l 0  |o 2050  |r 2016-12-01 00:00:00  |w 2016-12-01  |y ARXIU 
999 |c 58178  |d 58178